<?xml version="1.0" encoding="UTF-8"?><?xml-stylesheet type="text/xsl" href="static/style.xsl"?><OAI-PMH xmlns="http://www.openarchives.org/OAI/2.0/" xmlns:xsi="http://www.w3.org/2001/XMLSchema-instance" xsi:schemaLocation="http://www.openarchives.org/OAI/2.0/ http://www.openarchives.org/OAI/2.0/OAI-PMH.xsd"><responseDate>2026-04-17T17:05:51Z</responseDate><request verb="GetRecord" identifier="oai:www.recercat.cat:10256/8818" metadataPrefix="marc">https://recercat.cat/oai/request</request><GetRecord><record><header><identifier>oai:recercat.cat:10256/8818</identifier><datestamp>2024-06-06T10:08:57Z</datestamp><setSpec>com_2072_452966</setSpec><setSpec>com_2072_2054</setSpec><setSpec>col_2072_452967</setSpec></header><metadata><record xmlns="http://www.loc.gov/MARC21/slim" xmlns:dcterms="http://purl.org/dc/terms/" xmlns:xsi="http://www.w3.org/2001/XMLSchema-instance" xmlns:doc="http://www.lyncode.com/xoai" xsi:schemaLocation="http://www.loc.gov/MARC21/slim http://www.loc.gov/standards/marcxml/schema/MARC21slim.xsd">
   <leader>00925njm 22002777a 4500</leader>
   <datafield ind2=" " ind1=" " tag="042">
      <subfield code="a">dc</subfield>
   </datafield>
   <datafield ind2=" " ind1=" " tag="720">
      <subfield code="a">Gummà Brugués, Gerard</subfield>
      <subfield code="e">author</subfield>
   </datafield>
   <datafield ind2=" " ind1=" " tag="260">
      <subfield code="c">2013-09</subfield>
   </datafield>
   <datafield ind2=" " ind1=" " tag="520">
      <subfield code="a">L’objectiu del projecte és determinar la viabilitat i el rendiment de la instauració d’una explotació bovina d’aptitud càrnia en règim extensiu, aconseguint uns bons nivells de producció i qualitat de la carn. Així mateix i com a complement a l’activitat prevista, es projecta la construcció d’un cobert agrícola de 300 m2 per a emmagatzemar palla i farratges. &#xd;
&#xd;
La finca “Mas Gummà” es troba situada dins terme municipal de Cabanelles, comarca de l’ Alt Empordà, província de Girona. Actualment es dedica a l’agricultura i a la producció ramadera. Pel que fa a la producció agrícola es dedica a la sembra de colza, blat i ordi amb l’objectiu de comercialitzar el gra. Referent a part ramadera es dedica a l’engreix de pocs i a la recria de gallines, en ambdós casos de forma integrada. La finca disposa de 111,23 hectàrees de bosc i de 88,34 hectàrees de terra, incloent la pròpia i l’arrendada</subfield>
   </datafield>
   <datafield ind1="8" ind2=" " tag="024">
      <subfield code="a">http://hdl.handle.net/10256/8818</subfield>
   </datafield>
   <datafield tag="653" ind2=" " ind1=" ">
      <subfield code="a">Bestiar boví de carn -- Cria i desenvolupament</subfield>
   </datafield>
   <datafield tag="653" ind2=" " ind1=" ">
      <subfield code="a">Bestiar boví de carn -- Cria i desenvolupament -- Catalunya -- Cabanelles</subfield>
   </datafield>
   <datafield tag="653" ind2=" " ind1=" ">
      <subfield code="a">Beef cattle -- Breeding</subfield>
   </datafield>
   <datafield ind2="0" ind1="0" tag="245">
      <subfield code="a">Projecte d’una explotació bovina d’aptitud càrnia en règim extensiu a “ Can Gummà” de Cabanelles (Alt Empordà)</subfield>
   </datafield>
</record></metadata></record></GetRecord></OAI-PMH>